| 000 | 00642nam a2200241Ia 4500 | ||
|---|---|---|---|
| 003 | OSt | ||
| 005 | 20220924125237.0 | ||
| 006 | a|||||r|||| 00| 0 | ||
| 007 | ta | ||
| 008 | 220923b |||||||| |||| 00| 0 snd d | ||
| 024 | _a332519 | ||
| 037 | _cTextual | ||
| 040 |
_aARTS _cARTS _bsnd |
||
| 041 |
_2snd _asnd |
||
| 082 | _aS:55, 1593K8 | ||
| 100 |
_aKanal P.V. Au. _9197906 |
||
| 245 | 0 | _aPrem shanti ain saphalta ji prapti | |
| 260 |
_aPunjab _bDev samaj moga India _c1968 |
||
| 650 | _a PSYCHOLOGY | ||
| 650 |
_aLOVE _9181432 |
||
| 942 |
_hS:55, 1593K8 _cTEXL _2CC |
||
| 999 |
_c422239 _d422239 |
||